Die Wohnungs und siedlungsfrage nach dem kriege (Record no. 65690)

MARC details
000 -LEADER
campo de control de longitud fija 00537nam a2200145 i 4500
001 - NÚMERO DE CONTROL
campo de control 65690
003 - IDENTIFICADOR DE NÚMERO DE CONTROL
campo de control ES-MaACL
007 - CAMPO FIJO DE DESCRIPCIÓN FÍSICA--INFORMACIÓN GENERAL
campo de control de longitud fija t|
008 - DATOS DE LONGITUD FIJA--INFORMACIÓN GENERAL
campo de control de longitud fija 040120s1918 gw ||||1| ger d
100 1# - ENTRADA PRINCIPAL--NOMBRE DE PERSONA
Nombre de persona Fuchs, Carl Johannes.
9 (RLIN) 52805
245 14 - MENCIÓN DEL TÍTULO
Título Die Wohnungs und siedlungsfrage nach dem kriege
Resto del título : ein programm des kleinwohnungs und siedlungswesens /
Mención de responsabilidad, etc. unter mitarleif zahlreicher fachmèanner heransgegeben von Carl Johannes Fuchs.
260 ## - PUBLICACIÓN, DISTRIBUCIÓN, ETC.
Lugar de publicación, distribución, etc. Stuttgart :
Nombre del editor, distribuidor, etc. W. Mener-Ilschen,
Fecha de publicación, distribución, etc. 1918.
300 ## - DESCRIPCIÓN FÍSICA
Extensión XI, 455 p. ;
Dimensiones 31 cm.
852 ## - LOCALIZACIÓN
Ubicación ES-MaACL
Número de control de estantería G-5589
Holdings
Estatus retirado Estado de pérdida Estado de daño No para préstamo Biblioteca de origen Biblioteca actual Ubicación en estantería Fecha de adquisición Fuente de adquisición Total de préstamos Signatura topográfica completa Código de barras Visto por última vez Precio de reemplazo Tipo de ítem Koha
        Biblioteca del Ateneo de Madrid Biblioteca del Ateneo de Madrid Depósito 2 17/01/2008     G-5589 1068821 23/02/2023 23/02/2023 Libro impreso